Normale Ansicht MARC-Ansicht ISBD

Die schöne Wildniß - Wie die Mark Brandenburg ein Touristenziel wurde. (Titelsatznr. 371983)

[ MARC ]
MARC-Details
000 -Satzkennung
Kontrollfeld mit fester Länge 00718nam a2200205 4500
008 - Feld mit fester Länge zur physischen Beschreibung - Allgemeine Angaben
Kontrollfeld mit fester Länge 201207b ||||| |||| 00| 0 eng d
040 ## - Katalogisierungsquelle
Katalogisierungssprache ger
Übertragungsstelle DE-2950
Beschreibungsfestlegungen rda
Original-Katalogisierungsstelle DE-2950
041 ## - Sprachcode
Sprachcode des Textes/der Tonspur oder des separaten Titels ger
100 ## - Person oder Familie als 1. geistiger Schöpfer
Personenname Spode, Hasso:
245 ## - Titel
Haupttitel Die schöne Wildniß - Wie die Mark Brandenburg ein Touristenziel wurde.
Verantwortlichkeitsangabe Hasso Spode
264 ## - Veröffentlichungsangabe, Vertriebsangabe, Herstellungsangabe
Erscheinungs-, Vertriebs-, Herstellungsdatum 2022
490 ## - Gesamttitelangabe
Haupttitel der Reihe/Unterreihe Die Mark Brandenburg
Zählung Heft 124: Geschichten vom Reisen in Brandenburg. 2022
653 ## - Lokales Schlagwort
Nicht-normierter Term Brandenburg <Land>
653 ## - Lokales Schlagwort
Nicht-normierter Term Tourismus
773 ## - Übergeordnete Einheit
Ort, Verlag und Erscheinungsjahr Berlin: Die Mark Brandenburg - Verlag für Regional- und Zeitgeschichte
Verknüpfungsangaben (2022) Heft 124, S. 2-7 : Abb.
Titel Die Mark Brandenburg
942 ## - Zusätzliche Felder (Koha)
Koha-Medientyp Aufsätze
Exemplare
Ausgeschieden Verloren Beschädigt Nicht entleihbar Permanenter Standort Aktueller Standort Aufstellungsort Eingabedatum Inventarnummer Anzahl Ausleihen Signatur Letzte Aktivität Preis gültig von Medientyp
        Stadtarchiv Frankfurt (Oder) | Archivbibliothek Stadtarchiv Frankfurt (Oder) | Archivbibliothek Lesesaal 30/11/2022 111/2022   Bb1 102 ; IV: 0964 30/11/2022 30/11/2022 Aufsätze